00789 2200241 4500001002100000005001500021035002000036007000300056008004100059020001800100082001300118084001900131100003300150245015100183250002000334300004200354600003100396264003000427336002100457337003000478338002300508990001600531INLIS00000000000006320260413095904 a0010-0426000062ta260413 g 0 ind  a9789792921564 a005. 118 a005. 118 ARI l0 aArif Akbarul HudaePengarang1 aLive coding! 9 Aplikasi Android buatan Sendiri /cArif Akbarul Huda ; Editor , Ignas ; Setting , Alek ; Desain Cover , dan_dut ; Korektor , Ariata aCetakan Pertama a190 :bIlustrasi ;c16 cm x 23 cmeCD 4aKomputer - Perangkat Lunak aYogyakarta :bANDI,c2013 2rdacontentaTeks 2rdamediaaTanpa Perantara 2rdacarrieraVolume aPP000112/19